Planes de reconstrucción y prevención de desastres
Sábháilte in:
| Formáid: | Téacs |
|---|---|
| Ábhair: | |
| Clibeanna: |
Cuir clib leis
Níl clibeanna ann, Bí ar an gcéad duine le clib a chur leis an taifead seo!
|
MARC
| LEADER | 00000 a a2200000 04500 | ||
|---|---|---|---|
| 001 | 6282 | ||
| 003 | |||
| 040 | |||
| 245 | |a Planes de reconstrucción y prevención de desastres | ||
| 650 | |a DESASTRES NATURALES | ||
| 650 | |a PREVENCION DE DESASTRES | ||
| 650 | |a ELABORACION DE POLITICAS | ||
| 773 | |g volumen 19, número 854; páginas 7-9 | ||
| 999 | |c 28837 |d 28837 | ||
